000
00281nam a2200121Ia 4500
008
140130s9999 xx 000 0 und d
245
_c
McPhail, David
_a
A girl, a goat and a goose
260
_b
Scholastic,
_c
2000
440
_v
1
521
_a
BR
942
_c
BK
999
_c
39883
_d
39883